Producción de vacuno de carne / (Record no. 35908)

MARC details
000 -LEADER
campo de control de longitud fija 00659nam a2200205 i 4500
001 - NÚMERO DE CONTROL
campo de control 35908
003 - IDENTIFICADOR DE NÚMERO DE CONTROL
campo de control ES-MaACL
005 - FECHA Y HORA DE LA ÚLTIMA TRANSACCIÓN
campo de control 20230906155236.0
007 - CAMPO FIJO DE DESCRIPCIÓN FÍSICA--INFORMACIÓN GENERAL
campo de control de longitud fija t|
008 - DATOS DE LONGITUD FIJA--INFORMACIÓN GENERAL
campo de control de longitud fija 030214s1972 sp ||||1| spa d
100 1# - ENTRADA PRINCIPAL--NOMBRE DE PERSONA
Nombre de persona Breitenstein, D. G.
9 (RLIN) 31562
245 10 - MENCIÓN DEL TÍTULO
Título Producción de vacuno de carne /
Mención de responsabilidad, etc. [D. G. Breintenstein ; director del equipo, A. Antón, K. Eisold ; traducción, Pablo Gredilla].
260 ## - PUBLICACIÓN, DISTRIBUCIÓN, ETC.
Lugar de publicación, distribución, etc. León :
Nombre del editor, distribuidor, etc. Academia,
Fecha de publicación, distribución, etc. [1972]
300 ## - DESCRIPCIÓN FÍSICA
Extensión 205 p. :
Otras características físicas il. ;
Dimensiones 23 cm.
650 #4 - PUNTO DE ACCESO ADICIONAL DE MATERIA--TÉRMINO DE MATERIA
Término de materia o nombre geográfico como elemento de entrada Ganado vacuno de carne.
9 (RLIN) 165339
700 1# - ENTRADA AGREGADA--NOMBRE PERSONAL
Nombre de persona Antón, A.
9 (RLIN) 21931
700 1# - ENTRADA AGREGADA--NOMBRE PERSONAL
Nombre de persona Eisold, K.
9 (RLIN) 46873
700 1# - ENTRADA AGREGADA--NOMBRE PERSONAL
Nombre de persona Gredilla, Pablo.
9 (RLIN) 59823
852 ## - LOCALIZACIÓN
Ubicación ES-MaACL
Número de control de estantería C-43349
Holdings
Estatus retirado Estado de pérdida Estado de daño No para préstamo Biblioteca de origen Biblioteca actual Ubicación en estantería Fecha de adquisición Fuente de adquisición Total de préstamos Signatura topográfica completa Código de barras Visto por última vez Precio de reemplazo Tipo de ítem Koha
        Biblioteca del Ateneo de Madrid Biblioteca del Ateneo de Madrid Depósito 2 17/01/2008     C-43349 1037641 23/02/2023 23/02/2023 Libro impreso